[Event "Les Herbiers op-A"]
[Site "Les Herbiers"]
[Date "2020.01.04"]
[Round "1.4"]
[White "Limousin, Eric"]
[Black "Henry, Florent"]
[Result "1-0"]
[WhiteElo "1719"]
[BlackElo "1965"]
[PlyCount "55"]
[EventDate "2020.01.??"]
[EventType "swiss (rapid)"]
[EventRounds "5"]
[EventCountry "FRA"]
[SourceTitle "EXT 2021"]
[Source "ChessBase"]
[SourceDate "2020.10.23"]
[SourceVersion "1"]
[SourceVersionDate "2020.10.23"]
[SourceQuality "1"]

1. d4 f5 2. c4 Nf6 3. Nc3 e6 4. g3 Be7 5. Bg2 d6 6. Nf3 0-0 7. 0-0 Nbd7 8. b3 Qe8 9. e3 c6 10. Qc2 Bd8 11. Ba3 Ba5 12. Bxd6 Bxc3 13. Qxc3 Ne4 14. Qb4 a5 15. Qa3 Nxd6 16. Qxd6 Ra6 17. Qa3 e5 18. dxe5 Nxe5 19. Nxe5 Qxe5 20. Rad1 Be6 21. Qd6 Qxd6 22. Rxd6 Kf7 23. Rfd1 Re8 24. c5 a4 25. Bf1 b5 26. Bxb5 Ra5 27. Bxc6 Re7 28. b4 1-0

[Event "Sables d'Olonne op 6th"]
[Site "Sables d'Olonne"]
[Date "2019.07.17"]
[Round "6"]
[White "Henry, Florent"]
[Black "Briand, Amaury"]
[Result "1-0"]
[WhiteElo "2022"]
[BlackElo "1896"]
[PlyCount "79"]
[EventDate "2019.07.13"]
[EventType "swiss"]
[EventRounds "9"]
[EventCountry "FRA"]
[SourceTitle "EXT 2020"]
[Source "ChessBase"]
[SourceDate "2019.10.17"]
[SourceVersion "1"]
[SourceVersionDate "2019.10.17"]
[SourceQuality "1"]

1. e4 e5 2. Nf3 Nc6 3. Bc4 Nf6 4. d3 Be7 5. 0-0 0-0 6. Re1 d6 7. c3 Na5 8. Bb5 a6 9. Ba4 c5 10. Nbd2 Qc7 11. Nf1 Be6 12. Bc2 Rac8 13. Ng3 Rfd8 14. Qe2 Nc6 15. Be3 d5 16. Bg5 d4 17. Nf5 dxc3 18. bxc3 h6 19. Bh4 Rd7 20. Nxe7+ Nxe7 21. Bxf6 gxf6 22. Qe3 Kh7 23. Rac1 Bxa2 24. c4 Nc6 25. Ba4 b5 26. cxb5 axb5 27. Bxb5 Qd8 28. Rxc5 Rdc7 29. Rxc6 Rxc6 30. Bxc6 Rxc6 31. d4 Qe7 32. d5 Rc8 33. Nh4 Qf8 34. Nf5 Bc4 35. Qh3 Rb8 36. Qh4 Rb6 37. h3 Ba6 38. Rc1 Bb7 39. Rc7 Ba6 40. Qh5 1-0

[Event "Gorges op 29th"]
[Site "Gorges"]
[Date "2019.07.07"]
[Round "5"]
[White "Henry, Florent"]
[Black "Thas, Fabrice"]
[Result "1-0"]
[WhiteElo "2022"]
[BlackElo "1738"]
[PlyCount "97"]
[EventDate "2019.07.05"]
[EventType "swiss"]
[EventRounds "5"]
[EventCountry "FRA"]
[SourceTitle "EXT 2020"]
[Source "ChessBase"]
[SourceDate "2019.10.17"]
[SourceVersion "1"]
[SourceVersionDate "2019.10.17"]
[SourceQuality "1"]

1. e4 d6 2. d4 Nf6 3. Nc3 g6 4. h4 Bg7 5. Bg5 h6 6. Be3 b6 7. e5 dxe5 8. dxe5 Qxd1+ 9. Rxd1 Ng4 10. Bd4 Bxe5 11. Bxe5 Nxe5 12. Nd5 0-0 13. Nxc7 Bb7 14. Nxa8 Bxa8 15. Nh3 Nbc6 16. c3 Kg7 17. Be2 h5 18. 0-0 Rc8 19. Nf4 e6 20. Nd3 Rc7 21. Nxe5 Nxe5 22. Rfe1 Kf6 23. Rd4 Ke7 24. Bb5 Ng4 25. Red1 Nf6 26. Rc4 Rxc4 27. Bxc4 Bc6 28. f3 b5 29. Be2 Nd5 30. Kf2 Nb6 31. g4 Nd5 32. c4 bxc4 33. Bxc4 Nf4 34. b4 e5 35. b5 Bb7 36. Bxf7 hxg4 37. fxg4 Bc8 38. Bd5 Bxg4 39. Bf3 Be6 40. Rd2 Bc8 41. a4 Bf5 42. a5 Nd3+ 43. Ke3 Nc5 44. Rd5 Nd7 45. b6 Nxb6 46. axb6 axb6 47. Rb5 Kf6 48. Rxb6+ Kg7 49. Be4 1-0

[Event "Gorges op 27th"]
[Site "Gorges"]
[Date "2017.07.09"]
[Round "5"]
[White "Henry, Florent"]
[Black "Alashtar, Asef"]
[Result "1-0"]
[WhiteElo "1931"]
[BlackElo "1931"]
[PlyCount "57"]
[EventDate "2017.07.08"]
[EventType "swiss"]
[EventRounds "5"]
[EventCountry "FRA"]
[SourceTitle "EXT 2019"]
[Source "ChessBase"]
[SourceDate "2018.10.10"]
[SourceVersion "1"]
[SourceVersionDate "2018.10.10"]
[SourceQuality "1"]

1. e4 a6 2. d4 b6 3. Nc3 c6 4. Nf3 d6 5. Bc4 e6 6. 0-0 Bb7 7. a4 d5 8. exd5 cxd5 9. Bd3 Nf6 10. Re1 Qc7 11. Ne5 Bd6 12. Bg5 Nc6 13. Bxf6 gxf6 14. Nxd5 exd5 15. Ng6+ Ne7 16. Nxh8 0-0-0 17. Nxf7 Bxh2+ 18. Kh1 Rg8 19. Qe2 Ng6 20. Qg4+ Kb8 21. Nh6 Bc8 22. Bf5 Bxf5 23. Qxf5 Rd8 24. Ra3 Ne7 25. Qxf6 Rd6 26. Qf8+ Nc8 27. Rc3 Rxh6 28. Qxh6 Qf4 29. Qxh2 1-0

[Event "Nantes op 11th"]
[Site "Nantes"]
[Date "2012.12.29"]
[Round "5"]
[White "Crouan, Stephane"]
[Black "Henry, Florent"]
[Result "1-0"]
[WhiteElo "2197"]
[BlackElo "1882"]
[PlyCount "75"]
[EventDate "2012.12.27"]
[EventType "swiss"]
[EventRounds "7"]
[EventCountry "FRA"]
[SourceTitle "EXT 2014"]
[Source "ChessBase"]
[SourceDate "2013.11.20"]
[SourceVersion "1"]
[SourceVersionDate "2013.11.20"]
[SourceQuality "1"]

1. Nf3 Nf6 2. c4 g6 3. d4 c5 4. g3 Bg7 5. Bg2 0-0 6. 0-0 d6 7. Nc3 Na6 8. h3 Nd7 9. Rb1 Re8 10. d5 Nb6 11. Nd2 Rb8 12. a3 Qd7 13. Qc2 Bxc3 14. Qxc3 Na4 15. Qd3 b5 16. b3 bxc4 17. Nxc4 Nb6 18. Na5 c4 19. bxc4 Nc5 20. Qc2 Ba6 21. Be3 Qa4 22. Qxa4 Nbxa4 23. Rb4 Nc3 24. Kh2 Na2 25. Rxb8 Rxb8 26. Bd4 Na4 27. Be4 N4c3 28. Bd3 Rb2 29. Kg2 e5 30. dxe6 fxe6 31. f4 Rd2 32. Kf3 d5 33. Bxa7 Ne4 34. Be3 Rb2 35. cxd5 Bxd3 36. exd3 Nd2+ 37. Bxd2 Rxd2 38. Ke3 1-0

[Event "Rohde op 12th"]
[Site "Sautron"]
[Date "2012.11.??"]
[Round "8"]
[White "Henry, Florent"]
[Black "Brechet, Michel"]
[Result "1-0"]
[WhiteElo "1859"]
[BlackElo "1550"]
[PlyCount "29"]
[EventDate "2012.10.27"]
[EventType "swiss"]
[EventRounds "9"]
[EventCountry "FRA"]
[SourceTitle "EXT 2014"]
[Source "ChessBase"]
[SourceDate "2013.11.20"]
[SourceVersion "1"]
[SourceVersionDate "2013.11.20"]
[SourceQuality "1"]

1. e4 c5 2. Nf3 d6 3. d4 cxd4 4. Nxd4 Nf6 5. Nc3 a6 6. h3 b5 7. g4 h6 8. Bg2 e5 9. Nde2 Bb7 10. 0-0 Be7 11. Ng3 g6 12. Be3 Nbd7 13. Qd2 h5 14. g5 Nh7 15. h4 1-0

[Event "Rohde op 12th"]
[Site "Sautron"]
[Date "2012.11.??"]
[Round "3"]
[White "Henry, Florent"]
[Black "Rusev, Krasimir"]
[Result "0-1"]
[WhiteElo "1859"]
[BlackElo "2549"]
[PlyCount "48"]
[EventDate "2012.10.27"]
[EventType "swiss"]
[EventRounds "9"]
[EventCountry "FRA"]
[SourceTitle "EXT 2014"]
[Source "ChessBase"]
[SourceDate "2013.11.20"]
[SourceVersion "1"]
[SourceVersionDate "2013.11.20"]
[SourceQuality "1"]

1. e4 c5 2. Nf3 d6 3. d4 Nf6 4. Nc3 cxd4 5. Nxd4 Nc6 6. Be2 e5 7. Nb3 Be7 8. Be3 0-0 9. 0-0 a5 10. a4 Be6 11. f3 Nb4 12. Na2 Nxa2 13. Rxa2 d5 14. exd5 Nxd5 15. Bf2 Qc7 16. Ra1 Rfd8 17. Nd2 Bg5 18. Bd3 Nf4 19. Ra3 Nd5 20. Qe1 Be7 21. Rb3 Bb4 22. Rxb4 Nxb4 23. Qb1 Nxd3 24. cxd3 Rac8 0-1

[Event "Rohde op 12th"]
[Site "Sautron"]
[Date "2012.11.??"]
[Round "5"]
[White "Karpatchev, Aleksandr"]
[Black "Henry, Florent"]
[Result "1-0"]
[WhiteElo "2458"]
[BlackElo "1859"]
[PlyCount "53"]
[EventDate "2012.10.27"]
[EventType "swiss"]
[EventRounds "9"]
[EventCountry "FRA"]
[SourceTitle "EXT 2014"]
[Source "ChessBase"]
[SourceDate "2013.11.20"]
[SourceVersion "1"]
[SourceVersionDate "2013.11.20"]
[SourceQuality "1"]

1. e4 c6 2. d4 d5 3. Nc3 dxe4 4. Nxe4 Nf6 5. Nxf6+ gxf6 6. c3 Bf5 7. Nf3 e6 8. g3 Bd6 9. Bh6 Rg8 10. Bg2 Qb6 11. 0-0 Nd7 12. b4 Be4 13. Re1 f5 14. Nh4 Be7 15. Bxe4 fxe4 16. Rxe4 0-0-0 17. Ng2 Nf6 18. Re1 Qb5 19. Re5 Rd5 20. a4 Qb6 21. Ne3 Rd7 22. Qf3 Rg6 23. Bg5 Rxd4 24. a5 Qd8 25. a6 Qb6 26. axb7+ Kd7 27. cxd4 1-0

[Event "Nantes op 10th"]
[Site "Nantes"]
[Date "2011.??.??"]
[Round "7"]
[White "Henry, Florent"]
[Black "Crouan, Stephane"]
[Result "0-1"]
[WhiteElo "1806"]
[BlackElo "2232"]
[PlyCount "74"]
[EventDate "2011.12.27"]
[EventType "swiss"]
[EventRounds "7"]
[EventCountry "FRA"]
[SourceTitle "EXT 2013"]
[Source "ChessBase"]
[SourceDate "2012.11.22"]
[SourceVersion "1"]
[SourceVersionDate "2012.11.22"]
[SourceQuality "1"]

1. e4 c5 2. Nf3 g6 3. d4 Bg7 4. c4 cxd4 5. Nxd4 Nc6 6. Be3 Nf6 7. Nc3 0-0 8. Be2 d6 9. 0-0 a6 10. Rc1 Nd7 11. Qd2 Nde5 12. f3 Bd7 13. Rfd1 Rc8 14. Nd5 f5 15. Nf4 Nxd4 16. Bxd4 fxe4 17. fxe4 b5 18. c5 Kh8 19. b4 Qe8 20. cxd6 exd6 21. Nd5 Bc6 22. Rf1 Bb7 23. Rxf8+ Qxf8 24. Rf1 Qd8 25. Bb6 Qh4 26. Rf4 Bh6 27. Rxh4 Bxd2 28. Nf6 Rc1+ 29. Bf1 h5 30. Rh3 Bxb4 31. Nxh5 gxh5 32. Rxh5+ Kg7 33. Rg5+ Kf6 34. Rf5+ Ke6 35. Rf4 Bd2 36. Rf2 Nc4 37. Bd4 Be3 0-1

[Event "Nantes op 8th"]
[Site "Nantes"]
[Date "2009.12.??"]
[Round "8"]
[White "Henry, Florent"]
[Black "Primel, Dominique"]
[Result "0-1"]
[WhiteElo "1814"]
[BlackElo "1950"]
[PlyCount "42"]
[EventDate "2009.12.??"]
[EventType "swiss"]
[EventRounds "9"]
[EventCountry "FRA"]
[SourceTitle "CBM 134 Extra"]
[Source "ChessBase"]
[SourceDate "2010.03.03"]
[SourceVersion "1"]
[SourceVersionDate "2010.03.03"]
[SourceQuality "1"]

1. e4 c5 2. Nf3 e6 3. Nc3 a6 4. d4 cxd4 5. Nxd4 Qc7 6. Be3 Nf6 7. Qd2 Bb4 8. f3 d5 9. Bd3 e5 10. 0-0 exd4 11. Bxd4 Bc5 12. Bf2 dxe4 13. fxe4 0-0 14. Qg5 Bxf2+ 15. Rxf2 Ng4 16. Rf3 Qxh2+ 17. Kf1 Qh1+ 18. Ke2 Qxg2+ 19. Ke1 Qxf3 20. Be2 Qf2+ 21. Kd2 h6 0-1

[Event "Rohde op 09th"]
[Site "Sautron"]
[Date "2009.10.25"]
[Round "2"]
[White "Henry, Florent"]
[Black "Galan, Francois"]
[Result "1-0"]
[WhiteElo "1814"]
[BlackElo "2040"]
[PlyCount "75"]
[EventDate "2009.10.24"]
[EventType "swiss"]
[EventRounds "9"]
[EventCountry "FRA"]
[SourceTitle "EXT 2010"]
[Source "ChessBase"]
[SourceDate "2010.11.25"]
[SourceVersion "1"]
[SourceVersionDate "2010.11.25"]
[SourceQuality "1"]

1. e4 c6 2. d4 d5 3. exd5 cxd5 4. c4 Nf6 5. cxd5 g6 6. Bc4 Bg7 7. Ne2 0-0 8. Nbc3 Na6 9. Bf4 Nc7 10. d6 exd6 11. d5 b5 12. Bd3 Rb8 13. 0-0 Nfxd5 14. Bg3 Nxc3 15. Nxc3 b4 16. Ne4 d5 17. Rc1 dxe4 18. Bxc7 Qxd3 19. Bxb8 Ba6 20. Bd6 Qxf1+ 21. Qxf1 Bxf1 22. Bxf8 Kxf8 23. Kxf1 Bxb2 24. Rc4 Bc3 25. Rxe4 a5 26. Ke2 f5 27. Rc4 Kf7 28. Kd3 Be1 29. f3 a4 30. Rc1 Bh4 31. Kc4 Be7 32. Rb1 Ke6 33. Re1+ Kf6 34. Rxe7 Kxe7 35. Kxb4 Kd6 36. Kxa4 Ke5 37. Kb5 f4 38. a4 1-0

[Event "Nantes op 6th"]
[Site "Nantes"]
[Date "2007.12.29"]
[Round "6"]
[White "Henry, Florent"]
[Black "Flachet, Thierry"]
[Result "0-1"]
[WhiteElo "1810"]
[BlackElo "2065"]
[PlyCount "110"]
[EventDate "2007.12.26"]
[EventType "swiss"]
[EventRounds "7"]
[EventCountry "FRA"]
[SourceTitle "CBM 122 Extra"]
[Source "ChessBase"]
[SourceDate "2008.03.04"]
[SourceVersion "1"]
[SourceVersionDate "2008.03.04"]
[SourceQuality "1"]

1. d4 d5 2. Nf3 Nf6 3. Bf4 c6 4. e3 Qb6 5. Qc1 Bf5 6. c3 Nbd7 7. Nbd2 h6 8. h3 e6 9. Be2 c5 10. c4 Rc8 11. b3 Be7 12. 0-0 0-0 13. Qb2 Ne4 14. Rac1 Nxd2 15. Nxd2 Bf6 16. Be5 Nxe5 17. dxe5 Be7 18. Bf3 Rfd8 19. e4 dxe4 20. Nxe4 Rd4 21. Ng3 Bg6 22. Ne2 Rd7 23. Rfd1 Rcd8 24. Nc3 Qc7 25. Rxd7 Rxd7 26. Rd1 Rxd1+ 27. Nxd1 Qd7 28. Nc3 f6 29. Be4 Bf7 30. Nb5 a6 31. Nd6 Bxd6 32. exd6 Qxd6 33. Bxb7 a5 34. Qc3 Qd8 35. a3 Kf8 36. Bf3 Qb6 37. Kf1 Ke7 38. Ke2 Bg6 39. g3 Bf5 40. h4 g5 41. hxg5 hxg5 42. Ke3 Qd6 43. Be4 Bg4 44. Bc2 e5 45. Qd3 Qd4+ 46. Qxd4 exd4+ 47. Kd3 Kd6 48. Kd2 Ke5 49. Ke1 Bf3 50. Bd3 Be4 51. Ke2 Bxd3+ 52. Kxd3 g4 53. b4 cxb4 54. axb4 axb4 55. c5 b3 0-1

[Event "Nantes op 6th"]
[Site "Nantes"]
[Date "2007.12.27"]
[Round "2"]
[White "Henry, Florent"]
[Black "Penisson, Arnaud"]
[Result "1-0"]
[WhiteElo "1810"]
[BlackElo "1810"]
[PlyCount "53"]
[EventDate "2007.12.26"]
[EventType "swiss"]
[EventRounds "7"]
[EventCountry "FRA"]
[SourceTitle "CBM 122 Extra"]
[Source "ChessBase"]
[SourceDate "2008.03.04"]
[SourceVersion "1"]
[SourceVersionDate "2008.03.04"]
[SourceQuality "1"]

1. e4 c5 2. Nf3 d6 3. d4 cxd4 4. Nxd4 Nf6 5. Nc3 a6 6. g3 Nbd7 7. Bg2 Nc5 8. 0-0 e5 9. Nb3 Nxb3 10. axb3 Bd7 11. Bg5 Be7 12. Bxf6 gxf6 13. Qh5 Qc8 14. h3 b5 15. Rfc1 Bc6 16. Bf3 f5 17. exf5 Bxf3 18. Qxf3 f6 19. Nd5 Ra7 20. Qh5+ Kd8 21. c4 Qb7 22. Qf7 bxc4 23. Rxc4 Rf8 24. Qe6 Qd7 25. Rac1 Qxe6 26. fxe6 Ra8 27. Nb6 1-0

[Event "Rohde op 07th"]
[Site "Sautron"]
[Date "2007.11.03"]
[Round "9"]
[White "Primel, Dominique"]
[Black "Henry, Florent"]
[Result "1-0"]
[WhiteElo "2007"]
[BlackElo "1810"]
[PlyCount "75"]
[EventDate "2007.10.27"]
[EventType "swiss"]
[EventRounds "9"]
[EventCountry "FRA"]
[SourceTitle "EXT 2008"]
[Source "ChessBase"]
[SourceDate "2007.11.25"]
[SourceVersion "1"]
[SourceVersionDate "2007.11.25"]
[SourceQuality "1"]

1. Nf3 Nf6 2. c4 g6 3. Nc3 Bg7 4. e4 d6 5. d4 0-0 6. Be2 e5 7. 0-0 Nc6 8. d5 Ne7 9. Ne1 Nd7 10. Nd3 f5 11. Bd2 Nf6 12. f3 f4 13. g4 fxg3 14. hxg3 Nh5 15. Kg2 Kh8 16. Rh1 Qe8 17. Be3 a6 18. Qd2 Qf7 19. Raf1 Ng8 20. f4 exf4 21. gxf4 Ngf6 22. e5 Ng4 23. e6 Qf5 24. Rh4 Ngf6 25. Nf2 Ng8 26. Ng4 Re8 27. Bd3 Qf8 28. f5 Qe7 29. Bg5 Bf6 30. Nxf6 Nhxf6 31. fxg6 Qg7 32. Ne4 Nxe4 33. Bxe4 h6 34. Rxh6+ Nxh6 35. Bf6 Kg8 36. Bxg7 Kxg7 37. Qd4+ Kg8 38. Rh1 1-0

[Event "Rohde op 07th"]
[Site "Sautron"]
[Date "2007.10.27"]
[Round "1"]
[White "Pirotais, Jerome"]
[Black "Henry, Florent"]
[Result "0-1"]
[WhiteElo "1977"]
[BlackElo "1810"]
[PlyCount "74"]
[EventDate "2007.10.27"]
[EventType "swiss"]
[EventRounds "9"]
[EventCountry "FRA"]
[SourceTitle "EXT 2008"]
[Source "ChessBase"]
[SourceDate "2007.11.25"]
[SourceVersion "1"]
[SourceVersionDate "2007.11.25"]
[SourceQuality "1"]

1. e4 Nc6 2. d4 e5 3. d5 Nb8 4. c4 Bc5 5. Nf3 d6 6. Bd3 Bg4 7. h3 Bh5 8. Nbd2 Nd7 9. a3 a5 10. Rb1 a4 11. Nf1 Ngf6 12. g4 Bg6 13. Ng3 h6 14. Qe2 Bh7 15. Nf5 Bxf5 16. gxf5 c6 17. Rg1 Rg8 18. Nh2 Qb6 19. Rg2 Bd4 20. Nf3 Kf8 21. Nxd4 exd4 22. Bf4 cxd5 23. cxd5 Nxd5 24. exd5 Re8 25. Be4 d3 26. Qe3 Qxe3+ 27. fxe3 Rxe4 28. Bxd6+ Ke8 29. Kd2 Nb6 30. Kxd3 Rh4 31. e4 Kd7 32. Be5 Rxh3+ 33. Kd4 Rc8 34. Bxg7 Rc4+ 35. Ke5 Rh4 36. Re1 Kc7 37. Bf6 Nd7# 0-1

[Event "FRA-ch U20"]
[Site "Le Grand Bornand"]
[Date "2007.04.12"]
[Round "5"]
[White "Garro, Pierre"]
[Black "Henry, Florent"]
[Result "1-0"]
[WhiteElo "2176"]
[BlackElo "1810"]
[PlyCount "77"]
[EventDate "2007.04.07"]
[EventType "swiss"]
[EventRounds "9"]
[EventCountry "FRA"]
[SourceTitle "CBM 118 Extra"]
[Source "ChessBase"]
[SourceDate "2007.07.04"]
[SourceVersion "1"]
[SourceVersionDate "2007.07.04"]
[SourceQuality "1"]

1. e4 e5 2. Nf3 Nc6 3. Bb5 Nf6 4. 0-0 Be7 5. Re1 d6 6. d4 Bd7 7. Bxc6 Bxc6 8. d5 Bd7 9. c4 0-0 10. Nc3 Bg4 11. h3 Bh5 12. Qd3 Bg6 13. g4 Nd7 14. Be3 h6 15. Ne2 Bh4 16. b4 Re8 17. Kh2 Qf6 18. Kg2 Nf8 19. Nc3 Nh7 20. c5 Bg5 21. Bxg5 Nxg5 22. Nxg5 Qxg5 23. Nb5 Qe7 24. Rac1 a6 25. cxd6 cxd6 26. Nc7 Rac8 27. Nxe8 Rxe8 28. Rc3 h5 29. Qe3 Qd7 30. Qg5 hxg4 31. h4 Qa4 32. h5 Qxb4 33. Rce3 Bh7 34. Qxg4 f5 35. Qg5 Rf8 36. h6 Rf7 37. Rc1 g6 38. Rc8+ Rf8 39. Qf6 1-0

[Event "FRA-ch U20"]
[Site "Le Grand Bornand"]
[Date "2007.04.10"]
[Round "3"]
[White "Henry, Florent"]
[Black "Rives, Sylvain"]
[Result "1-0"]
[WhiteElo "1810"]
[BlackElo "1600"]
[PlyCount "63"]
[EventDate "2007.04.07"]
[EventType "swiss"]
[EventRounds "9"]
[EventCountry "FRA"]
[SourceTitle "CBM 118 Extra"]
[Source "ChessBase"]
[SourceDate "2007.07.04"]
[SourceVersion "1"]
[SourceVersionDate "2007.07.04"]
[SourceQuality "1"]

1. e4 e5 2. Nf3 Nc6 3. d4 exd4 4. Nxd4 Bc5 5. Be3 Qf6 6. c3 Nge7 7. Nc2 d6 8. g3 Ne5 9. Be2 Bh3 10. Bxc5 dxc5 11. f4 Rd8 12. Nd2 Nd3+ 13. Bxd3 Rxd3 14. Qe2 Rd7 15. 0-0-0 0-0 16. e5 Qc6 17. Rhe1 Rfd8 18. Nb3 b6 19. Rxd7 Rxd7 20. Qh5 Be6 21. Qe2 Qd5 22. Ne3 Qe4 23. Qa6 Bf5 24. Nd2 Qd3 25. Qxd3 Rxd3 26. Nxf5 Nxf5 27. Kc2 Re3 28. Rd1 Re2 29. Kd3 Rxh2 30. Ke4 Ne7 31. Nf1 Re2+ 32. Kf3 1-0

[Event "Rohde op 06th"]
[Site "Sautron"]
[Date "2006.10.29"]
[Round "2"]
[White "Henry, Florent"]
[Black "Lescop, Etienne"]
[Result "0-1"]
[WhiteElo "1930"]
[BlackElo "1640"]
[PlyCount "148"]
[EventDate "2006.10.28"]
[EventType "swiss"]
[EventRounds "9"]
[EventCountry "FRA"]
[SourceTitle "EXT 2007"]
[Source "ChessBase"]
[SourceDate "2006.11.23"]
[SourceVersion "1"]
[SourceVersionDate "2006.11.23"]
[SourceQuality "1"]

1. e4 e6 2. d4 d5 3. e5 c5 4. c3 Nc6 5. Nf3 Qb6 6. a3 Bd7 7. b4 c4 8. Be2 a5 9. b5 Qxb5 10. Nbd2 Nd8 11. 0-0 Qa4 12. Re1 Qxd1 13. Bxd1 b5 14. Nf1 Ne7 15. Ne3 Ng6 16. Bc2 Be7 17. h3 0-0 18. Nh2 Be8 19. g3 f6 20. exf6 gxf6 21. Bxg6 Bxg6 22. Nxd5 exd5 23. Rxe7 Re8 24. Rxe8+ Bxe8 25. Ng4 Kg7 26. Bh6+ Kg6 27. Bd2 Bf7 28. Re1 Nc6 29. Ne3 Re8 30. Kg2 Rb8 31. Nc2 a4 32. Bf4 Re8 33. Ne3 h5 34. Rb1 Na7 35. Bc7 Re7 36. Bb8 Be8 37. Nxd5 Bc6 38. Kf1 Bxd5 39. Bxa7 Rxa7 40. Rxb5 Bc6 41. Rc5 Be8 42. Ke1 Bf7 43. Kd2 Rb7 44. Kc2 Kg7 45. f4 Re7 46. Kd2 Rb7 47. d5 Rd7 48. Rxc4 Rxd5+ 49. Ke3 Ra5 50. Rc7 Kg6 51. c4 Be6 52. c5 Bxh3 53. c6 Rc5 54. Kd4 Rc1 55. Kd5 Bg2+ 56. Kd6 Rxc6+ 57. Rxc6 Bxc6 58. Kxc6 Kf5 59. Kd6 Kg4 60. Ke6 Kxg3 61. f5 h4 62. Kxf6 h3 63. Kg6 h2 64. f6 h1Q 65. f7 Qe4+ 66. Kg7 Qe5+ 67. Kg8 Qg5+ 68. Kf8 Kf3 69. Ke8 Qe5+ 70. Kd7 Qf6 71. Ke8 Qe6+ 72. Kf8 Ke3 73. Kg7 Qe5+ 74. Kg6 Qh8 0-1